Amor y fecundidad (Record no. 62201)

MARC details
000 -LEADER
campo de control de longitud fija 00661nam a2200217 i 4500
001 - NÚMERO DE CONTROL
campo de control 62201
003 - IDENTIFICADOR DE NÚMERO DE CONTROL
campo de control ES-MaACL
005 - FECHA Y HORA DE LA ÚLTIMA TRANSACCIÓN
campo de control 20230906164626.0
007 - CAMPO FIJO DE DESCRIPCIÓN FÍSICA--INFORMACIÓN GENERAL
campo de control de longitud fija t|
008 - DATOS DE LONGITUD FIJA--INFORMACIÓN GENERAL
campo de control de longitud fija 031118s1964 sp ||||1| spa d
100 1# - ENTRADA PRINCIPAL--NOMBRE DE PERSONA
Nombre de persona Ferin, J.
9 (RLIN) 49302
245 10 - MENCIÓN DEL TÍTULO
Título Amor y fecundidad
Resto del título : los esposos y la regulación de nacimientos /
Mención de responsabilidad, etc. J. Ferin, G. Ponteville ; [traducida por Martín Ezcurdia].
260 ## - PUBLICACIÓN, DISTRIBUCIÓN, ETC.
Lugar de publicación, distribución, etc. Barcelona :
Nombre del editor, distribuidor, etc. Eler,
Fecha de publicación, distribución, etc. 1964.
300 ## - DESCRIPCIÓN FÍSICA
Extensión 160 p. ;
Dimensiones 19 cm.
490 1# - MENCIÓN DE SERIE
Mención de serie Eler ;
Designación de volumen o secuencia 18
700 1# - ENTRADA AGREGADA--NOMBRE PERSONAL
Nombre de persona Ezcurdia, Martín.
9 (RLIN) 48460
700 1# - ENTRADA AGREGADA--NOMBRE PERSONAL
Nombre de persona Ponteville, G.
9 (RLIN) 93058
830 0# - PUNTO DE ACCESO ADICIONAL DE SERIE-TÍTULO UNIFORME
Título uniforme Eler ;
Designación de volumen o secuencia 18
9 (RLIN) 181476
852 ## - LOCALIZACIÓN
Ubicación ES-MaACL
Número de control de estantería C-27028
Sublocalización o colección R.55399
Holdings
Estatus retirado Estado de pérdida Estado de daño No para préstamo Biblioteca de origen Biblioteca actual Ubicación en estantería Fecha de adquisición Fuente de adquisición Total de préstamos Signatura topográfica completa Código de barras Visto por última vez Precio de reemplazo Tipo de ítem Koha
        Biblioteca del Ateneo de Madrid Biblioteca del Ateneo de Madrid Depósito 2 17/01/2008     C-27028 1065208 23/02/2023 23/02/2023 Libro impreso